000 00976nam a2200241zi 4500
999 _c25201
_d53199
005 20170612071651.0
037 _aIA 1418 48/A-B-C-D
040 _aBC-ENSA
_bfre
041 _afre
_bfre-ang-ara
041 _bfre-ang-ara
_afre
100 _aBELLEMOU, Abdelkrim
245 _aEtude des résultats d'essais de différentes techniques de semis du blé dur (chen's)
_cAbdelkrim Bellemou
260 _c2012
300 _b47 ill., 43 tabl., réf.
_a200 p.
_c30 cm
541 _cPROD-LOC
562 _e4 exemplaires
700 _aKACI, Ferhat
_edir. thèse
942 _c12
500 _aC et D versés en Génie Rural
502 _aTh. Magister : Agron.
_bMagister
_cENSA : département de Génie Rural : section Machinisme Agricole
_lEl Harrach
653 _aPLANTULE/BLE DUR/SEMIS DIRECT/MILIEU DE CULTURE/CONSERVATION DE L'EAU/SOL/EXPERIMENTATION/MATERIEL AGRICOLE/METHODE